Ekonomika odvetví - stavebníctvo praktikum z ekonomiky stavebníctva

Gespeichert in:
Bibliographische Detailangaben
1. Verfasser: Urbánek, Karol
Körperschaft: Vysoká škola ekonomická v Bratislave. Fakulta ekonomiky a riadenia výrobných odvetví
Format: Buch
Sprache:Slowakisch
Veröffentlicht: Bratislava VŠE 1982
Tags: Tag hinzufügen
Keine Tags, Fügen Sie das erste Tag hinzu!

MARC

LEADER 00000nam a2200000 4500
001 c137035
005 20190107134431.7
041 0 |a slo 
044 |a SK 
245 1 0 |a Ekonomika odvetví - stavebníctvo  |b praktikum z ekonomiky stavebníctva  |c Karol Urbánek 
264 1 |a Bratislava  |b VŠE  |c 1982 
300 |a 43 s. 
100 1 |a Urbánek, Karol 
710 2 |a Vysoká škola ekonomická v Bratislave. Fakulta ekonomiky a riadenia výrobných odvetví